<?xml version="1.0" encoding="UTF-8"?><?xml-stylesheet type="text/xsl" href="static/style.xsl"?><OAI-PMH xmlns="http://www.openarchives.org/OAI/2.0/" xmlns:xsi="http://www.w3.org/2001/XMLSchema-instance" xsi:schemaLocation="http://www.openarchives.org/OAI/2.0/ http://www.openarchives.org/OAI/2.0/OAI-PMH.xsd"><responseDate>2026-04-17T06:05:15Z</responseDate><request verb="GetRecord" identifier="oai:www.recercat.cat:10230/54594" metadataPrefix="marc">https://recercat.cat/oai/request</request><GetRecord><record><header><identifier>oai:recercat.cat:10230/54594</identifier><datestamp>2025-12-18T01:10:55Z</datestamp><setSpec>com_2072_6</setSpec><setSpec>col_2072_452952</setSpec></header><metadata><record xmlns="http://www.loc.gov/MARC21/slim" xmlns:dcterms="http://purl.org/dc/terms/" xmlns:xsi="http://www.w3.org/2001/XMLSchema-instance" xmlns:doc="http://www.lyncode.com/xoai" xsi:schemaLocation="http://www.loc.gov/MARC21/slim http://www.loc.gov/standards/marcxml/schema/MARC21slim.xsd">
   <leader>00925njm 22002777a 4500</leader>
   <datafield ind2=" " ind1=" " tag="042">
      <subfield code="a">dc</subfield>
   </datafield>
   <datafield ind2=" " ind1=" " tag="720">
      <subfield code="a">Gil Solsona, Rubén</subfield>
      <subfield code="e">author</subfield>
   </datafield>
   <datafield ind2=" " ind1=" " tag="720">
      <subfield code="a">Nika, Maria-Christina</subfield>
      <subfield code="e">author</subfield>
   </datafield>
   <datafield ind2=" " ind1=" " tag="720">
      <subfield code="a">Bustamante Pineda, Mariona</subfield>
      <subfield code="e">author</subfield>
   </datafield>
   <datafield ind2=" " ind1=" " tag="720">
      <subfield code="a">Villanueva Belmonte, Cristina</subfield>
      <subfield code="e">author</subfield>
   </datafield>
   <datafield ind2=" " ind1=" " tag="720">
      <subfield code="a">Foraster Pulido, Maria, 1984-</subfield>
      <subfield code="e">author</subfield>
   </datafield>
   <datafield ind2=" " ind1=" " tag="720">
      <subfield code="a">Cosín Tomàs, Marta</subfield>
      <subfield code="e">author</subfield>
   </datafield>
   <datafield ind2=" " ind1=" " tag="720">
      <subfield code="a">Alygizakis, Nikiforos</subfield>
      <subfield code="e">author</subfield>
   </datafield>
   <datafield ind2=" " ind1=" " tag="720">
      <subfield code="a">Gómez-Roig, María Dolores</subfield>
      <subfield code="e">author</subfield>
   </datafield>
   <datafield ind2=" " ind1=" " tag="720">
      <subfield code="a">Llurba, Elisa</subfield>
      <subfield code="e">author</subfield>
   </datafield>
   <datafield ind2=" " ind1=" " tag="720">
      <subfield code="a">Sunyer Deu, Jordi</subfield>
      <subfield code="e">author</subfield>
   </datafield>
   <datafield ind2=" " ind1=" " tag="720">
      <subfield code="a">Thomaidis, Nikolaos S.</subfield>
      <subfield code="e">author</subfield>
   </datafield>
   <datafield ind2=" " ind1=" " tag="720">
      <subfield code="a">Dadvand, Payam</subfield>
      <subfield code="e">author</subfield>
   </datafield>
   <datafield ind2=" " ind1=" " tag="720">
      <subfield code="a">Gago Ferrero, Pablo</subfield>
      <subfield code="e">author</subfield>
   </datafield>
   <datafield ind2=" " ind1=" " tag="260">
      <subfield code="c">2022-10-26T07:09:25Z</subfield>
   </datafield>
   <datafield ind2=" " ind1=" " tag="260">
      <subfield code="c">2022-10-26T07:09:25Z</subfield>
   </datafield>
   <datafield ind2=" " ind1=" " tag="260">
      <subfield code="c">2021</subfield>
   </datafield>
   <datafield ind2=" " ind1=" " tag="520">
      <subfield code="a">Chemicals are part of our daily lives, and we are exposed to numerous chemicals through multiple pathways. Relevant scientific evidence contributing to the regulation of hazardous chemicals require a holistic approach to assess simultaneous exposure to multiple compounds. Biomonitoring provides an accurate estimation of exposure to chemicals through very complex and costly sampling campaigns. Finding efficient proxies to predict the risk of chemical exposure in humans is an urgent need to cover large areas and populations at a reasonable cost. We conducted an exploratory study to characterize the human chemical exposome in maternal blood and placenta samples of a population-based birth cohort in Barcelona (2018-2021). Ultimate HRMS-based approaches were applied including wide-scope target, suspect, and nontarget screening. Forty-two chemicals were identified including pesticides, personal care products, or industrial compounds, among others, in the range of ng/mL and ng/g. In parallel, sewage sludge from the wastewater treatment plants serving the residence areas of the studied population were also screened, showing correlations with the type and concentrations of chemicals found in humans. Our findings were suggestive for the potential use of sewage sludge as a proxy of the human exposure and its application in early warning systems to prevent bioaccumulation of hazardous chemicals.</subfield>
   </datafield>
   <datafield ind2=" " ind1=" " tag="520">
      <subfield code="a">This work received support from the “La Caixa” Foundation (ID 100010434), fellowship code LCF/BQ/PR20/11770013, and Barcelona Council (Expo-Bar). The BiSC cohort study is funded by the European Research Council (ERC) under Grant Agreement No. 785994 (AIR-NB), and the Health Effects Institute (HEI) with Grant Agreement No. 4959-RFPA15-1/18-1 (FRONTIER). IDAEA-CSIC and ISGlobal are Centres of Excellence Severo Ochoa (Spanish Ministry of Science and Innovation).</subfield>
   </datafield>
   <datafield tag="653" ind2=" " ind1=" ">
      <subfield code="a">Productes químics</subfield>
   </datafield>
   <datafield tag="653" ind2=" " ind1=" ">
      <subfield code="a">Medi ambient</subfield>
   </datafield>
   <datafield tag="653" ind2=" " ind1=" ">
      <subfield code="a">Contaminants</subfield>
   </datafield>
   <datafield ind2="0" ind1="0" tag="245">
      <subfield code="a">The potential of sewage sludge to predict and evaluate the human chemical exposome</subfield>
   </datafield>
</record></metadata></record></GetRecord></OAI-PMH>